00134 a2200073 450000100060000010000050000624500260001126000230003758216 a aCrisis in the cockpit aNYbMcmillanc1998